000 00797nam a2200253 i 4500
001 92673
003 ES-MaACL
005 20260525062929.0
007 t|
008 050414s1991 sp ||||1| spa d
020 _a84-239-7240-2
080 _a321.01
100 1 _aLocke, John.
_973046
245 1 0 _aDos ensayos sobre el gobierno civil /
_cJohn Locke ; edición Joaquín Abellán ; traducción Francisco Giménez Gracia.
260 _aMadrid :
_bEspasa Calpe,
_c[1991]
300 _a389 p. ;
_c18 cm.
490 1 _aColección austral ;
_v240
650 4 _aPolítica-
_xFilosofía
_916274
700 1 _aAbellán, Joaquín,
_918060
700 1 _aGiménez Gracia, Francisco.
_957050
830 0 _aColección austral
_v240
_9177655
852 _aES-MaACL
_jE-10978
_bR.134765
999 _c92673
_d92673